Multiple Choice City Quiz – Yerevan - Statistics

General Stats
  • This quiz has been taken 25 times
    23 since last reset
  • The average score is 8 of 10
Answer Stats
Question Answer % Correct
Which fruit is famously grown near Yerevan? Apricot
100%
Which famous composer has a museum in Yerevan? Aram Khachaturian
100%
Which mountain is visible from most parts of Yerevan? Mount Ararat
100%
What is the main square in Yerevan called? Republic Square
88%
Which famous fortress is located in Yerevan? Erebuni Fortress
81%
Which colour dominates the city’s architectural style? Pink
75%
Which of these people NEVER visited Yerevan? Tupac Shakur
69%
Which river flows through the centre of Yerevan? Hrazdan
63%
Which foreign country lies closest to Yerevan? Turkey
63%
Yerevan was part of which empire in the 19th century? Russian Empire
50%
No matching quizzes found
Score Distribution
Percent of People with Each Score
Percentile by Number Answered
Your Score History
You have not taken this quiz since the last reset